| 000 | 01503cam a2200265 4500 | ||
|---|---|---|---|
| 001 | ##L133576 | ||
| 002 | ##9114 | ||
| 008 | 010814n2006 000 0 eng u | ||
| 020 |
_a1842192426 _a9781842192426 |
||
| 035 | _a(Sirsi) u133576 | ||
| 041 | 0 | _aeng | |
| 050 | 0 | 4 | _a690.2 $2 18 |
| 100 | 1 | _aHollis, Malcolm | |
| 245 | 0 | 0 | _aPocket surveying buildings |
| 250 | _a2nd ed. | ||
| 260 |
_aLondon _bRICS Books _c2006 |
||
| 300 |
_avi,243p _bill _c20cm. |
||
| 350 | _a22 50 | ||
| 505 | 2 | _aWhat is a survey? -- The inspection -- Reporting -- Surveys of specialist buildings -- Surveying equipment -- The contract -- The duties of surveyors, their performance and their breach -- Health in buildings -- Roofs -- Walls -- Sealants -- Windows -- Floors -- Surveying services -- Dampness -- Timber decay caused by insect attack -- Rot and fungus damage to timber -- Interpreting cracks -- Common UK dwelling types and their defects -- Summary. | |
| 520 | _aThis new edition of Pocket Surveying Buildings covers the whole building surveying process from initial preparation to final reports, and includes tables, checklists, reports, summaries and examples. New features include property datasheets which aid the surveyor in making quick period identifications of residential properties, simplifying the detection of common defects. | ||
| 520 | _aSupersedes 1st edition (ISBN 1842190741). | ||
| 590 | _aIKA230506 | ||
| 690 | _aBUILT ENVIRONMENT-BUILDING INSPECTION-BUILDING SURVEYORS | ||
| 942 | _n0 | ||
| 999 |
_c105426 _d105426 |
||